Linguistik <eine> Einführung
Saved in:
| Main Author: | |
|---|---|
| Format: | Book |
| Language: | German |
| Published: |
Hoffmann und Campe Verlag
Hamburg
|
| Edition: | 10. Aufl. |
| Subjects: | |
| Tags: |
No Tags, Be the first to tag this record!
|
MARC
| LEADER | 00000nam a2200000 4500 | ||
|---|---|---|---|
| 001 | 0118911 | ||
| 005 | 20240315123202.9 | ||
| 020 | |a 978-3-455-10331-1 | ||
| 041 | 0 | |a ger | |
| 044 | |a DE | ||
| 245 | 1 | 0 | |a Linguistik |b <eine> Einführung |c Heidrun Pelz |
| 250 | |a 10. Aufl. | ||
| 264 | 1 | |b Hoffmann und Campe Verlag |c Hamburg | |
| 300 | |a 351 s. | ||
| 610 | 2 | 0 | |a jazykoveda |
| 610 | 2 | 0 | |a terminológia |
| 610 | 2 | 0 | |a syntax |
| 610 | 2 | 0 | |a sémantika |
| 610 | 2 | 0 | |a štylistika |
| 100 | 1 | |a Pelz, Heidrun | |